| Registos Bibliográficos associados ao registo de autoridade |
|
Etiqueta de registo: 00254nam 2200025 450 001 2283285 003 http://id.bnportugal.gov.pt/bib/catbnp/2283285 100 ## $a20260330d2025 k y0pory01030103ba 101 0# $aeng$dpor 102 ## $aPT 105 ## $aa m 000yy 106 ## $ar 200 1# $aFire-smart landscape management toward sustainable mountains under climate change
and rural transition scenarios$fSilvana Daniela Pereira Pais$gorient. Adrián Regos, Paulo Fernandes, João Honrado 210 #9 $aPorto$c[s.n.],$d2025 215 ## $aXXIV, 261 p.$cil.$d30 cm 300 ## $aAcesso não autorizado pelo autor por um período de 2 anos 328 #1 $aTese dout. Biodiversity, Genetics, and Evolution, Faculdade de Ciências da Universidade
Porto, Faculdade de Ciências da Universidade de Lisboa 700 #1 $aPais,$bSilvana Daniela Pereira$31994327 702 #1 $aRegos,$bAdrián$4727$31994328 702 #1 $98$aFernandes,$bPaulo$4727$31548088 702 #1 $aHonrado,$bJoão José Pradinho$4727$31194043 801 #0 $aPT$bBN$gRPC 966 ## $lBN$mFGMON$x1 971 ## $cabrito$d20260331
|
|
|